Europa - eine Annäherung
| Main Author: | |
|---|---|
| Format: | Electronic Article |
| Language: | German |
| Check availability: | HBZ Gateway |
| Interlibrary Loan: | Interlibrary Loan for the Fachinformationsdienste (Specialized Information Services in Germany) |
| Published: |
2004
|
| In: |
Concilium
Year: 2004, Volume: 40, Issue: 2, Pages: 123-133 |
| Standardized Subjects / Keyword chains: | B
Europe
/ Religious identity
/ Cultural identity
B Secularization |
| RelBib Classification: | AD Sociology of religion; religious policy CD Christianity and Culture |
| Further subjects: | B
Europe
B Identity |
| Online Access: |
Volltext (kostenfrei) |
| Rights Information: | CC BY-SA 4.0 |
| Parallel Edition: | Non-electronic
|
MARC
| LEADER | 00000naa a22000002c 4500 | ||
|---|---|---|---|
| 001 | 1882676041 | ||
| 003 | DE-627 | ||
| 005 | 20240306131327.0 | ||
| 007 | cr uuu---uuuuu | ||
| 008 | 240306s2004 xx |||||o 00| ||ger c | ||
| 024 | 7 | |a 10.58005/conc.v40i2.20336 |2 doi | |
| 035 | |a (DE-627)1882676041 | ||
| 035 | |a (DE-599)KXP1882676041 | ||
| 040 | |a DE-627 |b ger |c DE-627 |e rakwb | ||
| 041 | |a ger | ||
| 084 | |a 1 |2 ssgn | ||
| 100 | 1 | |0 (DE-588)114743991 |0 (DE-627)502213817 |0 (DE-576)172951364 |4 aut |a Siebenrock, Roman |d 1957- | |
| 109 | |a Siebenrock, Roman 1957- |a Siebenrock, Roman A. 1957- |a Siebenrock, Roman Anton 1957- |a Ji ben log, Lo man 1957- | ||
| 245 | 1 | 0 | |a Europa - eine Annäherung |c Roman A. Siebenrock |
| 264 | 1 | |c 2004 | |
| 336 | |a Text |b txt |2 rdacontent | ||
| 337 | |a Computermedien |b c |2 rdamedia | ||
| 338 | |a Online-Ressource |b cr |2 rdacarrier | ||
| 506 | |a [DE-21]Open Access |e Controlled Vocabulary for Access Rights |u http://purl.org/coar/access_right/c_abf2 | ||
| 533 | |a Reproduktion |d 2023 |7 |2023|||||||||| | ||
| 540 | |a [DE-21]Namensnennung - Weitergabe unter gleichen Bedingungen 4.0 International |f CC BY-SA 4.0 |2 cc |u https://creativecommons.org/licenses/by-sa/4.0/ | ||
| 601 | |a Annäherung | ||
| 650 | 4 | |a Identität | |
| 650 | 4 | |a Europa | |
| 650 | 4 | |a Identity | |
| 650 | 4 | |a Europe | |
| 652 | |a AD:CD | ||
| 689 | 0 | 0 | |d g |0 (DE-588)4015701-5 |0 (DE-627)104289007 |0 (DE-576)208913092 |2 gnd |a Europa |
| 689 | 0 | 1 | |d s |0 (DE-588)4354651-1 |0 (DE-627)181259605 |0 (DE-576)211562815 |2 gnd |a Religiöse Identität |
| 689 | 0 | 2 | |d s |0 (DE-588)4033542-2 |0 (DE-627)10625670X |0 (DE-576)20900259X |2 gnd |a Kulturelle Identität |
| 689 | 0 | |5 (DE-627) | |
| 689 | 1 | 0 | |d s |0 (DE-588)4051238-1 |0 (DE-627)106178008 |0 (DE-576)209092149 |2 gnd |a Säkularisierung |
| 689 | 1 | |5 (DE-627) | |
| 773 | 0 | 8 | |i Enthalten in |t Concilium |d Mainz : Matthias-Grünewald-Verlag, 1965 |g 40(2004), 2, Seite 123-133 |w (DE-627)1822266084 |w (DE-600)3139669-0 |7 nnas |
| 773 | 1 | 8 | |g volume:40 |g year:2004 |g number:2 |g pages:123-133 |
| 776 | 0 | 8 | |i Elektronische Reproduktion von |a Siebenrock, Roman, 1957 - |t Europa - eine Annäherung |d 2004 |w (DE-627)596897561 |w (DE-576)466043228 |k Non-Electronic |
| 856 | 4 | 0 | |u https://doi.org/10.58005/conc.v40i2.20336 |x Digitalisierung |z kostenfrei |3 Volltext |7 0 |
| 935 | |a mteo |a DTH5 | ||
| 935 | |i Blocktest | ||
| 951 | |a AR | ||
| ELC | |a 1 | ||
| ITA | |a 1 |t 1 | ||
| LOK | |0 000 xxxxxcx a22 zn 4500 | ||
| LOK | |0 001 4496151375 | ||
| LOK | |0 003 DE-627 | ||
| LOK | |0 004 1882676041 | ||
| LOK | |0 005 20240306131327 | ||
| LOK | |0 008 240306||||||||||||||||ger||||||| | ||
| LOK | |0 040 |a DE-Tue135 |c DE-627 |d DE-Tue135 | ||
| LOK | |0 092 |o n | ||
| LOK | |0 852 |a DE-Tue135 | ||
| LOK | |0 852 1 |9 00 | ||
| LOK | |0 935 |a ixzs | ||
| LOK | |0 936ln |0 1442043016 |a AD | ||
| LOK | |0 936ln |0 1442043857 |a CD | ||
| LOK | |0 939 |a 06-03-24 |b l01 | ||
| OAS | |a 1 | ||
| ORI | |a SA-MARC-ixtheoa001.raw | ||
| REL | |a 1 | ||
| STA | 0 | 0 | |a Cultural identity,Cultural identity,Europe,Europe,Europe,The West,Occident,Northeastern Europe,Identity,Identity,Identity (Philosophical concept),Identity (Philosophical concept) in art,Identity (Psychology) in literature,Identity (Psychology) in art,Religious identity,Religious identity,Identity,Secularization,Secularization,Secularization,Order,Order,Order |
| STB | 0 | 0 | |a Europe,Identité culturelle,Identité culturelle,Identité religieuse,Identité religieuse,Identité,Identité,Identité (philosophie),Sécularisation,Sécularisation,Sécularisation,Laïcité,Laïcité,Déchristianisation,Laïcité (motif),Laïcité |
| STC | 0 | 0 | |a Europa,Identidad cultural,Identidad cultural,Identidad religiosa,Identidad religiosa,Identidad,Identidad,Secularización,Secularización,Secularización |
| STD | 0 | 0 | |a Europa,Identità culturale,Identità culturale,Identità religiosa,Identità religiosa,Identità,Identità,Secolarizzazione,Secolarizzazione,Secolarizzazione |
| STE | 0 | 0 | |a 世俗化,世俗化,俗化,俗化,宗教身份,宗教认同,文化认同,文化身份,身份,身份 |
| STF | 0 | 0 | |a 世俗化,世俗化,俗化,俗化,宗教身份,宗教認同,文化認同,文化身份,身份,身份 |
| STG | 0 | 0 | |a Europa,Identidade cultural,Identidade cultural,Identidade religiosa,Identidade religiosa,Identidade,Identidade,Secularização,Secularização,Secularização |
| STH | 0 | 0 | |a Европа (мотив),Культурная идентичность (мотив),Культурная идентичность,Личная идентификация (мотив),Личная идентификация,Религиозная личность (мотив),Религиозное сознание,Секуляризация (мотив),Секуляризация (каноническое право),Секуляризация |
| STI | 0 | 0 | |a Εκκοσμίκευση (μοτίβο),Εκκοσμίκευση (Κανονικό δίκαιο),Εκκοσμίκευση,Ευρώπη (μοτίβο),Θρησκευτική ταυτότητα (μοτίβο),Θρησκευτική ταυτότητα,Πολιτιστική ταυτότητα (μοτίβο),Πολιτιστική ταυτότητα,Ταυτότητα (μοτίνο),Ταυτότητα |
| SUB | |a REL | ||
| SYE | 0 | 0 | |a Sozialpsychologie - Identität , Liberté,Europa III,Europe,Europäische Länder,Europäische Staaten , Abendland,Okzident |
| SYG | 0 | 0 | |a Liberté,Europa III,Europe,Europäische Länder,Europäische Staaten , Abendland,Okzident , Religiöses Bewusstsein , Identität,Kulturelles Bewusstsein,Identität,Kulturelles Bewusstsein , Saecularisatio,Ordensausschluss,Ordensaustritt,Orden,Orden,Entchristlichung,Entkirchlichung,Verweltlichung |



